| 000 | 00757nam a22002177a 4500 | ||
|---|---|---|---|
| 005 | 20180212105008.0 | ||
| 010 | _aENG-122247 | ||
| 020 |
_a9789385724220 _c350.00 |
||
| 035 | _aB-682994-999 | ||
| 035 | _aEN-105779 | ||
| 037 |
_bAakar _adpl |
||
| 037 | _bDBAD/PUB | ||
| 082 | _aN | ||
| 100 | _aDoyle, Christopher C. | ||
| 245 |
_aThe secret of the druids / _cby Christopher C. Doyle |
||
| 260 |
_aNew Delhi _bWestlnd _c2016 |
||
| 270 |
_a93, I Floor, Sham Lal Road, Daryaganj, _bNew Delhi _e110002 |
||
| 300 | v |
_axxi,399p. _c19cm(pbk) |
|
| 942 |
_2ddc _cEN _mDOY _hN |
||
| 999 |
_c145374 _d145374 |
||